| 000 | 00902cam a22002655a 4500 | ||
|---|---|---|---|
| 001 | ocn881205875 | ||
| 003 | OSt | ||
| 005 | 20160215144719.0 | ||
| 008 | 140604s2014 enk frb 001 0 eng d | ||
| 020 | _a9780745641706 (paperback) | ||
| 020 | _a0745641709 (paperback) | ||
| 040 |
_aBTCTA _beng _cBTCTA _dBDX _dUKMGB _dYDXCP _dCDX _dOCLCO _dNDD _dDEBSZ _dUKDBK _dEG-ScBUE |
||
| 082 | 0 | 4 |
_a304.8 _bKIV _222 |
| 100 | 1 |
_aKivisto, Peter, _d1948- _939354 |
|
| 245 | 1 | 0 |
_aReligion and immigration : _bmigrant faiths in North America and Western Europe / _cPeter Kivisto. |
| 260 |
_aCambridge ; _aMalden : _bPolity Press, _c2014. |
||
| 300 |
_aix, 211 p. ; _c21 cm. |
||
| 490 | 0 | _aImmigration & society series. | |
| 500 | _aIndex : p. 195-211. | ||
| 504 | _aBibliography : p. 175-194. | ||
| 650 | 7 |
_aImmigrants _xReligious life. _2BUEsh _939355 |
|
| 651 | _2BUEsh | ||
| 653 |
_bBUSBOL _cFebruary2016 |
||
| 942 | _2ddc | ||
| 999 |
_c21154 _d21126 |
||